ბათუმის შოთა რუსთაველის სახელმწიფო უნივერსიტეტის ბიბლიოთეკა

Power Mill 2014 Content. Declam. (ბიბ.ჩანაწერი № 49211)

000 -LEADER
fixed length control field 00550nam a2200205Ia 4500
001 - CONTROL NUMBER
control field 16123
003 - CONTROL NUMBER IDENTIFIER
control field GE_BSU
008 - FIXED-LENGTH DATA ELEMENTS--GENERAL INFORMATION
fixed length control field 181216s||||||||xx |||||||||||||| ||und||
040 ## - CATALOGING SOURCE
Transcribing agency GE_BSU
080 ## - UNIVERSAL DECIMAL CLASSIFICATION NUMBER
Universal Decimal Classification number 6
245 ## - TITLE STATEMENT
Title Power Mill 2014 Content. Declam.
245 ## - TITLE STATEMENT
Remainder of title Complete CADCAD Solution. Training centente
260 ## - PUBLICATION, DISTRIBUTION, ETC.
Date of publication, distribution, etc. 2019
300 ## - PHYSICAL DESCRIPTION
Extent 200p.30cm.
653 ## - INDEX TERM--UNCONTROLLED
Uncontrolled term Complete CADCAD Solution. Training centente
653 ## - INDEX TERM--UNCONTROLLED
Uncontrolled term Power Mill 2014 Content. Declam.
653 ## - INDEX TERM--UNCONTROLLED
Uncontrolled term ტექნიკა
653 ## - INDEX TERM--UNCONTROLLED
Uncontrolled term ქსეროქსი
942 ## - ADDED ENTRY ELEMENTS (KOHA)
Koha item type წიგნი
ეგზემპლარები
Withdrawn status Lost status Damaged status Not for loan Date acquired Barcode Date last seen Price effective from Koha item type
        2018-12-17 16 ქსეროქსი 2018-12-17 2018-12-17 წიგნი